000 00536nam a2200133Ia 4500
008 171207s9999 xx 000 0 und d
100 _aSarikakis, Katharine
245 _aDefining authorship in user-generated content: Copyright struggles in The Game of Thrones
245 _cKatharine Sarikakis, Claudia Krug, Joan Ramon Rodriguez-Amat
260 _c2017
300 _apages 542-559, April 2017
440 _aNew Media & Society
_v19:4
650 _aAUTHOR, COPYRIGHT, FANS, GAME OF THRONES, MEDIA GOVERNANCE, USER-GENERATED CONTENTS
999 _c347533
_d347533